Piłkarze o nazwiskach lub przydomkach kończących się na "na". - Statystyki

Ogólne statystyki
  • Ten quiz został rozwiązany 39 razy
  • Średni wynik to 5 z 14
Statystyki odpowiedzi
Kraj Rocznik Kariera klubowa Odpowiedź % Poprawnych
Polska 1947 Legia WarszawaManchester City Kazimierz Deyna
87%
Kamerun 1996 Ajax AmsterdamInter Mediolan Manchester United Andre Onana
77%
Argentyna 1960 FC BarcelonaNapoli Sevilla Diego Maradona
77%
Chorwacja 1982 Hajduk SplitSzachtar Donieck Darijo Srna
48%
Kolumbia 1988 ArsenalNapoli David Ospina
48%
Hiszpania 1982 VillarealLiverpool Napoli Pepe Reina
45%
Francja 1966 Olympique MarsyliaLeeds Manchester United Eric Cantona
42%
Argentyna 1998 UdineseAtletico Madryt Nahuel Molina
39%
Francja 1983 AJ AuxerreArsenal Manchester City Bacary Sagna
35%
USA 1973 Glasgow RangersSunderland Manchester City Claudio Reyna
10%
Hiszpania 1979 ValenciaVillareal Deportivo La Coruna Carlos Marchena
6%
Francja 1955 Olympique LyonGirondins Bordeaux Olympique Marsylia Jean Tigana
3%
Włochy 1943 CagliariInter Mediolan Juventus Turyn Roberto Boninsegna
3%
Hiszpania 1952 Real Madryt Santillana
3%
Nie znaleziono quizów pasujących do podanych kryteriów
Rozkład punktacji
Procent ludzi z każdym wynikiem
Percentyl według liczby udzielonych odpowiedzi
Twoja historia wyników
Nie rozwiązałeś tego quizu